Uso y abuso de químicos. Anexo-memoria /
Spremljeno u:
| Autor kompanije: | |
|---|---|
| Format: | Tekst |
| Jezik: | Spanish |
| Izdano: |
San José:
Programa Centroamericano de Desarrollo Científico y Tecnológico (CSUCA)
s.f.
|
| Oznake: |
Dodaj oznaku
Bez oznaka, Budi prvi tko označuje ovaj zapis!
|
MARC
| LEADER | 00000 a a2200000 04500 | ||
|---|---|---|---|
| 001 | 21422 | ||
| 003 | CRAI/IIS | ||
| 005 | 20211206114515.0 | ||
| 008 | 210602b |||||||| |||| 00| 0 spa d | ||
| 020 | |a [sin ISBN] | ||
| 040 | |a Centro de Recursos para el Aprendizaje y la Investigación |c CRAI/IIS |b Español | ||
| 090 | |a 16.03.04 C264u | ||
| 110 | |a CSUCA.Programa Centroamericano de Desarrollo Científico y Tecnológico | ||
| 245 | |a Uso y abuso de químicos. |b Anexo-memoria / |c CSUCA. Programa Centroamericano de Desarrollo Científico y Tecnológico. | ||
| 260 | |a San José: |b Programa Centroamericano de Desarrollo Científico y Tecnológico (CSUCA) |c s.f. | ||
| 300 | |a s. p. | ||
| 500 | |a Colección Centroamérica | ||
| 650 | 0 | 7 | |0 TESAUROS |
| 852 | 1 | 1 | |a 16.03.04 C264u |
| 942 | |2 ddc |c LI |h 16.03.04 C264u |k 16.03.04 |m C264u |6 160304_C264U | ||
| 999 | |c 3854 |d 3854 | ||
